The Lion King

Bibliographic Details
Other Authors: Disney's
Format: Book
Published: Kuala Lumpur : Euro Books , 2003
Series:Silver screen classics
Subjects:

MARC

LEADER 00000cam a2200000 7i4500
001 0000004353
005 20220105104000.0
008 070725
020 |a 8128608304 
090 0 0 |a JP   |b FT ENG (4722) 
245 1 4 |a The Lion King   |c Disney's 
260 |a Kuala Lumpur :   |b Euro Books ,   |c 2003 
440 |a Silver screen classics 
500 |a Children age 4-6 years old (yellow) 
650 0 |a Fairy tales 
700 0 |a Disney's 
999 |a 0000089446   |b Book   |c Children Collection   |e Cawangan Taman Universiti 
999 |a 0000973574   |b Book   |c Children Collection   |e Perbadanan Perpustakaan Awam Johor 
999 |a 0000973575   |b Book   |c Children Collection   |e Perbadanan Perpustakaan Awam Johor 
999 |a 0000973578   |b Book   |c Children Collection   |e Perbadanan Perpustakaan Awam Johor